00514 2200193 4500001002100000005001700021008004100038035002400079090001500103100001200118245004600130260003100176300003100207650003300238850001500271980001300286985000600299999001500305YOGYA-0209000003390820090227024833.0 ind  0010-020900000033908 a658bMuk T aMUKIYAT aTanya jawab asas-asas manajemencMoekijat aBandungbMandar Majuc1989 axxxv, 510 hlmbilusc20 cm aManajemen - Ujian, soal, dsb aYOPDYOG(B) a28-09-06 a1 aP000033162